Data Protection and Interoperability in EU External Relations : Guaranteeing Global Data Transfers in the Area of Freedom, Security and Justice /
This book assesses whether the implementation of transborder interoperable solutions aligns with the European Union's standards and rules on personal data transfer. It specifically examines the principles and values enshrined in the founding Tre
المؤلف الرئيسي:
التنسيق: كتاب الكتروني
اللغة: English
منشور في:
Leiden ; Boston :
Brill | Nijhoff,
2024.
سلاسل:
International Law E-Books Online, Collection 2025.
Studies in EU External Relations ;
24.
الموضوعات:
الوصول للمادة أونلاين: Login to view Source
الوسوم: إضافة وسم
رقم الطلب: KJE6071
| LEADER | 02782nam a22005418i 4500 | ||
|---|---|---|---|
| 001 | BRILL9789004684027 | ||
| 003 | nllekb | ||
| 005 | 20241111181441.0 | ||
| 006 | m d | ||
| 007 | cr un uuuua | ||
| 008 | 240705s2024 gw sb 001 0 eng d | ||
| 010 | |a 2024024402 | ||
| 020 | |a 9789004684027 |q (electronic book) | ||
| 020 | |z 9789004684003 |q (print) | ||
| 024 | 7 | |a 10.1163/9789004684027 |2 DOI | |
| 035 | |z (OCoLC)1430654762 | ||
| 040 | |a NL-LeKB |c NL-LeKB |e rda | ||
| 041 | |a eng | ||
| 050 | 4 | |a KJE6071 | |
| 072 | 7 | |a LAW |x 051000 |2 bisacsh | |
| 072 | 7 | |a LB |2 bicssc | |
| 082 | 0 | 4 | |a 343.2409/995 |2 23 |
| 100 | 1 | |a Tassinari, Francesca, |e author. | |
| 245 | 1 | 0 | |a Data Protection and Interoperability in EU External Relations : |b Guaranteeing Global Data Transfers in the Area of Freedom, Security and Justice / |c Francesca Tassinari. |
| 246 | 3 | |a Guaranteeing Global Data Transfers in the Area of Freedom, Security and Justice | |
| 264 | 1 | |a Leiden ; |a Boston : |b Brill | Nijhoff, |c 2024. | |
| 264 | 4 | |c ©2024 | |
| 300 | |a 1 online resource (660 pages) : |b illustrations. | ||
| 336 | |a text |b txt |2 rdacontent | ||
| 337 | |a computer |b c |2 rdamedia | ||
| 338 | |a online resource |2 rdacarrier | ||
| 490 | 1 | |a International Law E-Books Online, Collection 2025 | |
| 490 | 1 | |a Studies in EU External Relations ; |v 24 | |
| 504 | |a Includes bibliographical references and index. | ||
| 505 | 0 | |t Preface -- List of Illustrations -- Abbreviations -- The External Reach of Interoperability in the European Union's Area of Freedom, Security and Justice An Introduction -- 1Background -- 2Objective and Research Questions -- 3Legal F | |
| 520 | |a This book assesses whether the implementation of transborder interoperable solutions aligns with the European Union's standards and rules on personal data transfer. It specifically examines the principles and values enshrined in the founding Tre | ||
| 546 | |a English | ||
| 588 | |a Description based on print version record. | ||
| 650 | 0 | |a Conflict of laws |x Data protection |z EuropeanUnion countries. | |
| 650 | 0 | |a Data protection |x Law and legislation |z EuropeanUnion countries. | |
| 650 | 0 | |a International and municipal law |z EuropeanUnion countries. | |
| 650 | 0 | |a Privacy, Right of |z EuropeanUnion countries. | |
| 776 | 0 | 8 | |i Print version: |t Data Protection and Interoperability in EU External Relations : Guaranteeing Global Data Transfers in the Area of Freedom, Security and Justice |d Leiden ; Boston : Brill | Nijhoff, 2024. |z 9789004684003 |w (DLC) 2024024401 |
| 830 | 0 | |a International Law E-Books Online, Collection 2025. | |
| 830 | 0 | |a Studies in EU External Relations ; |v 24. | |
| 856 | 4 | |z DOI: |u http://dx.doi.org/10.1163/9789004684027 | |
| 942 | |2 lcc |c EBOOK | ||
| 999 | |c 59881 |d 59881 | ||
